Exposición 'Escola catalana d'escenografia'
Publicado:
San Jorge, núm. 81 (1r trimestre 1971), pàg 96 :
MARC
| LEADER | 00000nam a2200000Ia 4500 | ||
|---|---|---|---|
| 001 | |||
| 008 | 160829s9999 xx 000 0 cat d | ||
| 245 | |a Exposición 'Escola catalana d'escenografia' | ||
| 260 | |a San Jorge, núm. 81 (1r trimestre 1971), pàg 96 | ||
| 610 | 2 | 0 | |a Museu de les Arts Escèniques (Barcelona, Catalunya) |9 54937 |
| 650 | |a Teatres |x Escenografia i decorats |x Exposicions |9 45078 | ||
| 901 | |a Arxiu | ||
| 942 | |n 1 | ||
| 952 | |0 0 |1 0 |4 0 |7 1 |9 52350 |a Arxiu |b Arxiu |d 2016-12-01 |l 0 |r 2016-12-01 00:00:00 |w 2016-12-01 |y ARXIU | ||
| 999 | |c 56198 |d 56198 | ||